|
|
|
|
| LEADER |
00000 a2200000 4500 |
| 001 |
RU/ROS-EDU.RU/84750 |
| 856 |
4 |
|
|u https://www.ros-edu.ru/book?id=84750
|z Перейти к просмотру издания
|
| 010 |
|
|
|a 978-5-521-06824-1
|
| 100 |
|
|
|a 20180101d2018 |||y0rusy0250
|
| 105 |
|
|
|a y z 000zy
|
| 101 |
0 |
|
|a rus
|
| 102 |
|
|
|a RU
|
| 200 |
1 |
|
|a The History of The Remarkable Life of John Sheppard & Atlantis Major
|b Электронный ресурс
|f D. Defoe
|
| 700 |
|
1 |
|b D.
|a Defoe
|4 070
|
| 330 |
|
|
|a John Sheppard was a notorious English robber and thief of early 18th-century London. Born into a poor family, he was apprenticed as a carpenter but took to theft and burglary in 1723. He was arrested and imprisoned five times in 1724 but escaped from prison, making him a notorious public figure, and wildly popular with the poorer classes.
|
| 210 |
|
|
|a Москва
|c T8RUGRAM
|d 2018
|
| 610 |
1 |
|
|a художественная литература
|
| 610 |
1 |
|
|a английский язык
|
| 610 |
1 |
|
|a зарубежная проза
|
| 610 |
1 |
|
|a классика
|
| 610 |
1 |
|
|a драма
|
| 675 |
|
|
|a 82
|
| 686 |
|
|
|a 84
|2 rubbk
|
| 300 |
|
|
|a Книга находится в премиум-версии платформы «Русский как иностранный».
|
| 215 |
|
|
|a 99 с.
|